Quá trình dừng chặt và lý thuyết Ergodic

Một số cơ sở của lý thuyết xác suất; Quá trình dừng chặt; Lý thuyết Ergodic.

محفوظ في:
التفاصيل البيبلوغرافية
المؤلف الرئيسي: Nguyễn Thị Thanh Thủy
مؤلفون آخرون: Cao Văn Nuôi TS. (Hướng dẫn)
التنسيق: كتاب
اللغة:Vietnamese
منشور في: Đà Nẵng Đại học Đà Nẵng 2013
الموضوعات:
الوسوم: إضافة وسم
لا توجد وسوم, كن أول من يضع وسما على هذه التسجيلة!
Thư viện lưu trữ: Mạng thư viện Đại học Đà Nẵng
LEADER 01620nam a2200373 4500
001 000019448
003 15883
005 20140429140458.0
008 140429s2013 viesd
041 |a vie 
082 1 4 |a 519.2  |b NG-T 
100 |a Nguyễn Thị Thanh Thủy 
245 |a Quá trình dừng chặt và lý thuyết Ergodic  |c Nguyễn Thị Thanh Thủy ; Cao Văn Nuôi hướng dẫn.  |k Luận văn Thạc sĩ 
260 |a Đà Nẵng  |b Đại học Đà Nẵng  |c 2013 
300 |a 54 tr., phụ lục 4 tr.  |c 29 cm.  |e Tóm tắt 
500 |a Luận văn thạc sĩ Khoa học. Chuyên ngành: Phương pháp toán sơ cấp. Mã số: 60.46.40. 
520 |a Một số cơ sở của lý thuyết xác suất; Quá trình dừng chặt; Lý thuyết Ergodic. 
650 0 4 |a Lý thuyết Ergodic.  |v Luận văn tốt nghiệp  |x Nghiên cứu 
650 0 4 |a Quá trình dừng chặt  |v Luận văn tốt nghiệp  |x Nghiên cứu 
653 |a Toán học 
653 |a Lý thuyết Ergodic. 
653 |a Phương pháp toán sơ cấp 
653 |a Quá trình dừng chặt 
700 1 |a Cao Văn Nuôi  |c TS.  |e Hướng dẫn 
OWN |a LSP 
AVA |a UDN50  |b LSP  |d 519.2 NG-T  |e available  |t Error 5001 Not defined in file expand_doc_bib_avail.  |f 1  |g 0  |h N  |i 0  |k 1 
999 |a From the UDN01 
AVA |a UDN50  |b LSP  |d 519.2 NG-T  |e available  |t Error 5001 Not defined in file expand_doc_bib_avail.  |f 1  |g 0  |h N  |i 0  |k 1 
TYP |a Monograph 
TYP |a Printed language 
980 |a Mạng thư viện Đại học Đà Nẵng